| 000 | 01010nmm a2200313 a 4500 | ||
|---|---|---|---|
| 001 | ocm0002015741 | ||
| 003 | TR-IsHL | ||
| 005 | 20201028180612.0 | ||
| 008 | 181217s2018 tu tur | ||
| 007 | cr cn | ||
| 020 | _a9786052811290 | ||
| 035 |
_a2015741 _b(N$T) |
||
| 050 | 0 | 4 |
_aJC578 _b.A45 2018 |
| 090 | 0 | 4 |
_aJC578 _b.A45 2018 |
| 100 | 1 | _aAlkan, Yaşar | |
| 245 | 1 | 0 |
_aJ. Rawls'ın iktisadi adalet teorisi _h[electronic resource] / _cYaşar Alkan |
| 250 | _a1. Baskı | ||
| 260 |
_aİstanbul : _bHiperlink Yayınları, _c2018 |
||
| 300 | _a220 p. | ||
| 500 | _aKaynakça var. | ||
| 650 | 4 | _aEkonomi ve Finans | |
| 650 | 4 | _aEconomics and Finance | |
| 650 | 0 | _aRawls, John, 1921-2002. Adalet teorisi | |
| 650 | 0 |
_aRawls, John, 1921-2002 _x Theory of justice |
|
| 650 | 0 | _aAdalet (felsefe) | |
| 650 | 0 | _aJustice (Philosophy) | |
| 650 | 7 |
_aPOLITICAL SCIENCE / Essays _2bisacsh |
|
| 856 | 4 | 0 | _uhttp://search.ebscohost.com/login.aspx?direct=true&scope=site&db=e011xww&AN=2015741 |
| 999 |
_c19217 _d19217 |
||